000
00300nam a22001337a 4500
008
181217b xxu||||| |||| 00| 0 eng d
020
_a
0674503139
041
_a
eng
080
_a
573
100
_a
11
101
_a
BIO
245
_a
Keywords in Evolutionary Biology
_c
Keller,E.F
942
_2
udc
_c
BK
999
_c
53202
_d
53202